Applied pharmacology / (Record no. 13377)
[ view plain ]
| 000 -LEADER | |
|---|---|
| fixed length control field | 00720cam a2200217 a 4500 |
| 003 - CONTROL NUMBER IDENTIFIER | |
| control field | OSt |
| 005 - DATE AND TIME OF LATEST TRANSACTION | |
| control field | 20140310182432.0 |
| 008 - FIXED-LENGTH DATA ELEMENTS--GENERAL INFORMATION | |
| fixed length control field | 100618s2011 moua 001 0 eng |
| 020 ## - INTERNATIONAL STANDARD BOOK NUMBER | |
| International Standard Book Number | 9781437703108 (pbk. : alk. paper) |
| 050 00 - LIBRARY OF CONGRESS CALL NUMBER | |
| Classification number | RM 301.28 |
| Item number | .B365 2011 |
| 100 1# - MAIN ENTRY--PERSONAL NAME | |
| Personal name | Bardal, Stan K. |
| 9 (RLIN) | 8343 |
| 245 10 - TITLE STATEMENT | |
| Title | Applied pharmacology / |
| Statement of responsibility, etc | Stan K. Bardal, Jason E. Waechter, Douglas S. Martin. |
| 260 ## - PUBLICATION, DISTRIBUTION, ETC. (IMPRINT) | |
| Place of publication, distribution, etc | St. Louis, Mo. : |
| Name of publisher, distributor, etc | Elsevier/Saunders, |
| Date of publication, distribution, etc | c2011. |
| 300 ## - PHYSICAL DESCRIPTION | |
| Extent | ix, 470 p. : |
| Other physical details | col. ill. ; |
| Dimensions | 28 cm. |
| 650 #0 - SUBJECT ADDED ENTRY--TOPICAL TERM | |
| Topical term or geographic name as entry element | Clinical pharmacology |
| Form subdivision | Textbooks. |
| 9 (RLIN) | 8344 |
| 650 12 - SUBJECT ADDED ENTRY--TOPICAL TERM | |
| Topical term or geographic name as entry element | Pharmacology, Clinical. |
| 9 (RLIN) | 8345 |
| 700 1# - ADDED ENTRY--PERSONAL NAME | |
| Personal name | Waechter, Jason E. |
| 9 (RLIN) | 8346 |
| 700 1# - ADDED ENTRY--PERSONAL NAME | |
| Personal name | Martin, Douglas S. |
| 9 (RLIN) | 8347 |
| 942 ## - ADDED ENTRY ELEMENTS (KOHA) | |
| Source of classification or shelving scheme | Library of Congress Classification |
| Koha item type | |
| Withdrawn status | Lost status | Source of classification or shelving scheme | Damaged status | Home library | Current library | Shelving location | Date acquired | Total Checkouts | Full call number | Barcode | Date last seen | Copy number | Price effective from | Koha item type |
|---|---|---|---|---|---|---|---|---|---|---|---|---|---|---|
| Library of Congress Classification | South SEED-LPDH College Library | South SEED-LPDH College Library | South SEED-LPDH College Section | 07/05/2012 | RM 301.28 .B365 2011 | SSLC0537 | 05/15/2018 | 1 | 11/06/2013 | Books |